00373nam a2200181Ia 4500008003600000041000800036082001200044100001500056245004300071260001000114650000800124650001100132650000900143650000700152650001100159650001300170650000800183210210b xxu||||| |||| 00| 0 eng d aeng a942/230 aSANDER (N) aRise and growth of the Anglican schism ab-c athe aschism aRise aof agrowth aAnglican aand